Catalog

Record Details

Catalog Search



Logos ... : Čtvrtletník občanského sdružení Logos Praha ; = L&G Cover Image Book Book

Logos ... : Čtvrtletník občanského sdružení Logos Praha ; = L&G

Record details

  • Physical Description: ... sv. 21 cm
  • Publisher: Praha Logos Praha, Farní sbor ČCE 1996-

Content descriptions

General Note:
Součástí názvu je pořadové číslo titulu.
Rozsah a rozměry pro registraci: 12-24+4-8 s., 147/210

Available copies

  • 31 of 31 copies available at Common Catalog SPOK.

Holds

  • 0 current holds with 31 total copies.
Show Only Available Copies
Location Call Number / Copy Notes Barcode Shelving Location Status Due Date
Jabok Library PER Log 1993/01 424480030805 Periodika Available -
Jabok Library PER Log 1993/02 424480030804 Periodika Available -
Jabok Library PER Log 1993/03 424480030803 Periodika Available -
Jabok Library PER Log 1993/04 424480030796 Periodika Available -
Jabok Library PER Log 1994/05 424480030788 Periodika Available -
Jabok Library PER Log 1994/06 424480030787 Periodika Available -
Jabok Library PER Log 1994/07 424480030795 Periodika Available -
Jabok Library PER Log 1994/08 424480030786 Periodika Available -
Jabok Library PER Log 1995/09 424480030785 Periodika Available -
Jabok Library PER Log 1995/10 424480030794 Periodika Available -

LDR 00783nam a22 a 4500
0016448
003CZ-PrJAB
00519961101
008991119s1996 xr e |||| |cze
009CZ
035 . ‡a(CONS)6448
035 . ‡aKPS0005736
040 . ‡a
0410 . ‡acze ‡aslo
2451 . ‡aLogos ... : ‡bČtvrtletník občanského sdružení Logos Praha ; = L&G
260 . ‡aPraha ‡bLogos Praha, Farní sbor ČCE ‡c1996-
300 . ‡a... sv. ‡c21 cm
500 . ‡aSoučástí názvu je pořadové číslo titulu.
500 . ‡aRozsah a rozměry pro registraci: 12-24+4-8 s., 147/210
653 . ‡ahomosexualita ‡akřesťané ‡apráce s klienty
694 . ‡aPer
71000. ‡aLogos Praha, Farní sbor ČCE
910 . ‡aABG312
901 . ‡a6448 ‡bUnknown ‡c6448 ‡tbiblio

Additional Resources